| 000 | 00546nam a2200193Ia 4500 | ||
|---|---|---|---|
| 999 |
_c8993 _d8993 |
||
| 003 | OSt | ||
| 005 | 20201008130134.0 | ||
| 008 | 190216s9999||||xx |||||||||||||| ||und|| | ||
| 020 | _a9788126512317 | ||
| 040 | _coclc | ||
| 082 |
_a005.2762 _bGOO/J |
||
| 100 |
_aGoodman, Danny _95479 |
||
| 245 | 0 |
_aJava Script Bible / _cDanny Goodman ; Michael Morrison |
|
| 250 | _a6th Ed. | ||
| 260 |
_bWiley India, _aNew Delhi: _c2008. |
||
| 300 | _a1173p | ||
| 650 | _aComputer | ||
| 942 |
_cBK _2ddc _h005.2762 _iGOO/J _k005.2762 _mGOO/J |
||